000 00307nam a22000977a 4500
008 150721b xxu||||| |||| 00| 0 eng d
010 _8HCCRSARF:033
245 _aHIGH COURT CRIMINAL SESSION NO.81 OF 1975 Uganda Vs Alozio Kaheru
260 _aHigh Court Kampala
500 _3BEFORE: Hon. Mr. Justice F.K. Butagira
999 _c7986
_d7986